00251nam a2200073Ia 4500008004100000082000800041100001600049245011200065240331s9999 xx 000 0 und d bMAJ aMajupura, I 0aNepalese women :bstatus and role of Nepalese women in life-religious, social,economics,political and legal